| 000 | 00655cam a22002294a 4500 | ||
|---|---|---|---|
| 999 |
_c5434 _d5434 |
||
| 001 | 17632 | ||
| 003 | BD-DhUAP | ||
| 005 | 20201210162647.0 | ||
| 008 | 201210r20112010ii a b 001 0 eng | ||
| 020 | _a8121916666 | ||
| 040 |
_aDNLM/DLC _cDLC _dBD-DhUAP _beng |
||
| 082 | 0 | 0 |
_a620.106 RAJ _223 |
| 100 | _aRajput, R. K. | ||
| 245 |
_aA textbook of fluid mechanics in SI units / _cR. K. Rajput. |
||
| 250 | _a4th ed. | ||
| 260 |
_aNew Delhi : _bS. Chand, _cc2010 [Reprinted 2011]. |
||
| 300 |
_avarious pages : _billustrations ; _c24 cm. |
||
| 500 | _aIncludes index. | ||
| 650 | _aFluid mechanics. | ||
| 650 | _aHydraulic machinery. | ||
| 942 |
_2ddc _cBK |
||